00610nam a22002057a 450000500170000001000130001702000220003003500130005203700160006504000120008108200180009324500870011126000520019827000470025030000260029750000230032365000170034665000170036370000240038020170124110220.0 aA-759200 c00.00a8171008135 aA-759200 bCen Lib/Ret aDPLbEN a323.0954bHUM aHuman rights in India :cedited by B. P. Singh Seghalbproblems and perspectives / aNew DelhibDeep and Deep Publications c1995 aF-159, Rajouri Garden bNew Delhie110027 axxii,654p. c20cm(Hb) aIncludes index  aHuman rights aCivil rights aSeghal, B. P. Singh